000 00350pam a2200157a 44500
008 230405s1979 xxu||||| |||| 00| 0 eng d
041 _aENG
100 _aJohn Sizer
245 _aAn insight Into Management Accounting
250 _a1
260 _a
_bPitman
_c1979
300 _a525,22 cms
440 _a434
690 _aIMRDA
906 _a1520
999 _c254379
_d254379